000 00433nam a2200181Ia 4500
003 OSt
005 20230228115834.0
008 210210b1995 xxu||||| |||| 00| 0 eng d
040 _cAL
041 _aeng
082 _a311/104 GUPS
100 _aGUPTA (S P)
_973638
245 _aStatistical methods
260 _aND
_bSultan Chand & Sons
_c1995
690 _aMathematical Statistics
_973639
906 _a049477
942 _2ddc
_cBK
999 _c128524
_d128524